Thermodynamics (Record no. 1284)

000 -LEADER
fixed length control field 00633nam a22002294a 4500
001 - CONTROL NUMBER
control field 1284
003 - CONTROL NUMBER IDENTIFIER
control field BD-DhUET
008 - FIXED-LENGTH DATA ELEMENTS--GENERAL INFORMATION
fixed length control field 010119s2002 maua 001 0 eng
020 ## - INTERNATIONAL STANDARD BOOK NUMBER
International Standard Book Number 0070606595
040 ## - CATALOGING SOURCE
Original cataloging agency DLC
Transcribing agency DLC
Modifying agency BD-DhUET
082 00 - DEWEY DECIMAL CLASSIFICATION NUMBER
Classification number 621.01
Item number CEN/2006
100 1# - MAIN ENTRY--PERSONAL NAME
Personal name Çengel, Yunus A.
245 10 - TITLE STATEMENT
Title Thermodynamics
Remainder of title an engineering approach
250 ## - EDITION STATEMENT
Edition statement 5th ed.
260 ## - PUBLICATION, DISTRIBUTION, ETC. (IMPRINT)
Place of publication, distribution, etc. New Delhi
Name of publisher, distributor, etc. Tata McGraw-Hill
Date of publication, distribution, etc. 2006
300 ## - PHYSICAL DESCRIPTION
Extent xxxii, 946p.
Other physical details ill.
490 1# - SERIES STATEMENT
Series statement McGraw-Hill series in mechanical engineering
504 ## - BIBLIOGRAPHY, ETC. NOTE
Bibliography, etc Includes bibliographies

650 #0 - SUBJECT ADDED ENTRY--TOPICAL TERM
Topical term or geographic name as entry element Thermodynamics
700 1# - ADDED ENTRY--PERSONAL NAME
Personal name Boles, Michael A.
942 ## - ADDED ENTRY ELEMENTS (KOHA)
Koha item type General Book
Holdings
Source of classification or shelving scheme Not for loan Withdrawn status Price effective from Date acquired Location (home branch) Koha out on loan Lost status Piece designation (barcode) Koha date last borrowed Shelving location Koha date last seen Sublocation or collection (holding branch) Koha normalized classification for sorting Copy number Damaged status Koha issues (times borrowed) Koha item type Koha full call number
   2014-09-022014-09-02Central Library, BUET2026-05-06 1039752026-04-22Circulation section2026-04-22Central Library, BUET621_000000000000000_01CEN20061 10General Book621.01/CEN/2006
   2014-09-022014-09-02Central Library, BUET2018-11-19 1039762018-11-05Circulation section2018-11-05Central Library, BUET621_000000000000000_01CEN20062 11General Book621.01/CEN/2006
   2014-09-232014-09-23Central Library, BUET2017-03-01 1039772016-03-01Circulation section2016-03-01Central Library, BUET621_000000000000000_01CEN20063 3General Book621.01/CEN/2006
   2015-09-072015-09-07Central Library, BUET2026-04-13 1039782026-03-30Circulation section2026-03-30Central Library, BUET621_010000000000000_CEN_20064 23General Book621.01/CEN/2006